Months and Number of Days in Months Blitz Quiz Stats

 Plays Quiz not verified by Sporcle

Also try: Ten Top 10s
Challenge
Share
Tweet
Embed
Score 0/24 Timer 01:00
0 Plays Today
Month/Day % Correct
January
99.6%
March
98.2%
April
98%
May
98%
June
98%
July
97.8%
February
97.3%
August
96.9%
September
96%
October
95.3%
November
95.1%
December
94.9%
Month/Day % Correct
31
80.9%
28 (29)
80.5%
31
80%
30
79.6%
30
78.9%
31
78.7%
31
78.7%
31
78.5%
30
77.6%
31
77.2%
30
76.7%
31
76.3%

You're not logged in!

Compare scores with friends on all Sporcle quizzes.
Join for Free
OR
Log In

You Might Also Like...

Show Comments

Extras

Created May 8, 2010ReportNominate
Tags:Blitz Quiz, minute, month, season

Top Quizzes Today


Score Distribution

Your Account Isn't Verified!

In order to create a playlist on Sporcle, you need to verify the email address you used during registration. Go to your Sporcle Settings to finish the process.

Report this User

Report this user for behavior that violates our Community Guidelines.

Details: